[Event "DVM U16 2022"]
[Site "Darmstadt GER"]
[Date "2022.12.28"]
[Round "3"]
[White "Sanmugalingam, Kapirththan"]
[Black "Hoffmann, Sophia"]
[Result "1-0"]
[Termination "normal"]
[Board "10.3"]
[WhiteElo "1693"]
[BlackElo "1352"]
[WhiteClock "00:04:46"]
[BlackClock "00:08:36"]
[WhiteTeam "SF Neureut 1953 e.V."]
[BlackTeam "Karlsruher SF 1853"]
[PlyCount "69"]
[WhiteFideId "34622950"]
[BlackFideId "16259130"]
[EventCountry "GER"]
[EventRounds "7"]
[EventType "team-swiss"]
[EventDate "2022.12.26"]

1. e4 {[%clk 1:30:58]} e5 {[%clk 1:30:56]} 2. Nf3 {[%clk 1:31:20]} Nc6 {[%clk
1:31:21]} 3. Bc4 {[%clk 1:31:43]} Bc5 {[%clk 1:31:45]} 4. b4 {[%clk 1:32:04]}
Bxb4 {[%clk 1:31:00]} 5. c3 {[%clk 1:32:21]} Ba5 {[%clk 1:31:06]} 6. d4 {[%clk
1:32:42]} exd4 {[%clk 1:25:27]} 7. Qb3 {[%clk 1:33:00]} Qf6 {[%clk 1:20:43]} 8.
O-O {[%clk 1:29:46]} Nge7 {[%clk 1:18:20]} 9. cxd4 {[%clk 1:27:55]} O-O {[%clk
1:13:23]} 10. e5 {[%clk 1:09:32]} Qf5 {[%clk 1:09:23]} 11. Ng5 {[%clk 1:07:39]}
Nxd4 {[%clk 1:00:04]} 12. Qg3 {[%clk 1:07:28]} Ng6 {[%clk 0:57:55]} 13. Bd3
{[%clk 1:07:11]} Qxe5 {[%clk 0:57:35]} 14. Qh3 {[%clk 1:03:01]} h6 {[%clk
0:55:47]} 15. Bxg6 {[%clk 0:59:15]} fxg6 {[%clk 0:52:49]} 16. f4 {[%clk
0:58:52]} Ne2 {[%clk 0:49:35]} 17. Kh1 {[%clk 0:59:06]} Qxa1 18. Qb3 {[%clk
0:59:12]} Kh8 {[%clk 0:49:37]} 19. Bb2 {[%clk 0:59:13]} Rxf4 {[%clk 0:49:01]}
20. Rd1 {[%clk 0:51:43]} Nd4 {[%clk 0:40:17]} 21. Qe3 {[%clk 0:13:27]} Qxa2
{[%clk 0:39:24]} 22. Qxf4 {[%clk 0:13:35]} hxg5 {[%clk 0:38:40]} 23. Qxd4
{[%clk 0:13:53]} Qf7 {[%clk 0:38:19]} 24. Qe5 {[%clk 0:12:00]} Bb6 {[%clk
0:29:20]} 25. Nd2 {[%clk 0:11:06]} d6 {[%clk 0:27:22]} 26. Qxg5 {[%clk
0:11:25]} Be6 {[%clk 0:24:11]} 27. Rf1 {[%clk 0:11:27]} Bf5 {[%clk 0:22:39]}
28. Ne4 {[%clk 0:08:14]} Re8 {[%clk 0:19:34]} 29. Qh4 {[%clk 0:07:12]} Kg8
{[%clk 0:19:41]} 30. Ng5 {[%clk 0:07:29]} Qd7 {[%clk 0:11:35]} 31. Qh7 {[%clk
0:05:59]} Kf8 {[%clk 0:11:53]} 32. Qxg6 {[%clk 0:03:56]} Re1 {[%clk 0:07:56]}
33. Nh7 {[%clk 0:04:14]} Kg8 {[%clk 0:08:18]} 34. Nf6 {[%clk 0:04:29]} Kh8
{[%clk 0:08:36]} 35. Qh5 {[%clk 0:04:46]} 1-0

[Event "DVM U16 2022"]
[Site "Darmstadt GER"]
[Date "2022.12.28"]
[Round "3"]
[White "Kossert, Simon"]
[Black "Tang, Shunjie Roger"]
[Result "1-0"]
[Termination "normal"]
[Board "10.4"]
[WhiteElo "1299"]
[BlackElo "1217"]
[WhiteClock "00:41:56"]
[BlackClock "00:12:07"]
[WhiteTeam "Karlsruher SF 1853"]
[BlackTeam "SF Neureut 1953 e.V."]
[PlyCount "45"]
[WhiteFideId "16283287"]
[BlackFideId "16298004"]
[EventCountry "GER"]
[EventRounds "7"]
[EventType "team-swiss"]
[EventDate "2022.12.26"]

1. e4 {[%clk 1:30:59]} c5 {[%clk 1:30:46]} 2. Nf3 {[%clk 1:31:24]} d6 {[%clk
1:30:56]} 3. d4 {[%clk 1:31:44]} cxd4 {[%clk 1:31:06]} 4. Nxd4 {[%clk 1:32:06]}
Nf6 {[%clk 1:30:48]} 5. Nc3 {[%clk 1:31:51]} g6 {[%clk 1:30:17]} 6. f3 {[%clk
1:28:14]} Bg7 {[%clk 1:29:03]} 7. Be3 {[%clk 1:26:32]} Bd7 {[%clk 1:27:50]} 8.
Qd2 {[%clk 1:25:08]} Nc6 {[%clk 1:24:27]} 9. Nxc6 {[%clk 1:22:08]} Bxc6 {[%clk
1:21:38]} 10. g4 {[%clk 1:14:15]} e5 {[%clk 1:15:30]} 11. O-O-O {[%clk
1:10:36]} Ke7 {[%clk 1:06:21]} 12. g5 {[%clk 1:03:41]} Ng8 {[%clk 0:53:29]} 13.
Bc4 {[%clk 1:01:09]} h6 {[%clk 0:41:07]} 14. f4 {[%clk 0:49:28]} hxg5 {[%clk
0:35:41]} 15. fxg5 {[%clk 0:48:45]} Rh4 {[%clk 0:27:53]} 16. Rhf1 {[%clk
0:46:15]} f5 {[%clk 0:21:36]} 17. gxf6 {[%clk 0:45:26]} Nxf6 {[%clk 0:21:20]}
18. Bg5 {[%clk 0:44:43]} Rh7 {[%clk 0:19:42]} 19. Nd5 {[%clk 0:44:23]} Bxd5
{[%clk 0:16:47]} 20. Qxd5 {[%clk 0:44:43]} Bh8 21. Bxf6 {[%clk 0:41:31]} Bxf6
{[%clk 0:15:14]} 22. Qe6 {[%clk 0:41:56]} Kf8 {[%clk 0:12:07]} 23. Qg8 1-0